00000000nam##2200000za#4500
0019.570016
003CaOODSP
00520210624182036
007cr |||||||||||
008150406|2005||||xxc|||||o    f|0| 0 eng|d
040 |aCaOODSP|beng
043 |an-cn---
0861 |aNH18-1-2/171-2005E-PDF
1102 |aCanada Mortgage and Housing Corporation.
24510|aArchitecture for elder health in remote British Columbia : |h[electronic resource]|ba Nisga'a-led research / |c[by] Nancy Mackin and Deanna Nyce.
2461 |iAdditional title (within publication) : |aL'architecture et la santé des aînés dans des régions éloignées de la Colombie-Britannique : une étude menée par la nation Nisga'a
260 |aOttawa - Ontario : |bCanada Mortgage and Housing Corporation |cOctober 2005.
300 |a123p.|bfigs. (some coloured), glossary, graph, maps (some coloured), tables, photographs
4901 |aResearch report
500 |aIncludes: Research highlight (Socio-economic series 05-030) under the same title. Y compris : Le point en recherche (Série socio-économique 05-030) sous le titre « L'architecture et la santé des aînés dans des régions éloignées de la Colombie-Britannique : une étude menée par la nation Nisga'a ».
504 |aBibliography.
546 |a(Comprend du texte en français.)
590 |a11-26-Supp|b2011-11-03
7201 |aNyce, Deanna
7201 |aMackin, Nancy
830#0|aResearch report (Canada Mortgage and Housing Corporation : Online)|w(CaOODSP)9.506068
85640|ahttp://publications.gc.ca|qPDF|s5.77 MB|uhttps://publications.gc.ca/collections/collection_2011/schl-cmhc/nh18-1-2/NH18-1-2-171-2005-eng.pdf